| 000 | 00499nam a2200217Ia 4500 | ||
|---|---|---|---|
| 008 | 170918s9999 xx 000 0 und d | ||
| 020 | _a9780439306089 | ||
| 050 | _bA134se 2002 | ||
| 100 | _aAbbott, Tony | ||
| 245 | 4 | _aThe moon scroll / | |
| 245 | _cby Tony Abbott. | ||
| 260 | _aNew York : | ||
| 260 | _bScholastic, | ||
| 260 | _c2002 | ||
| 300 | _a129 pages : | ||
| 300 | _billustrations ; | ||
| 300 | _c19cm. | ||
| 300 | _eThe secrets of droon ; | ||
| 440 | _a15 | ||
| 500 | _a450 | ||
| 999 |
_c343953 _d343953 |
||